| 000 | 00677nam a2200253 a 4500 | ||
|---|---|---|---|
| 001 | BRCA_5937 | ||
| 005 | 20190320205253.0 | ||
| 008 | 220311s1912----it-a######---#001-0#eng-# | ||
| 041 | _aeng | ||
| 044 | _ait | ||
| 050 | 4 |
_aN5760 _b.G85 _c1912 |
|
| 245 | 1 | 0 |
_aGuide to Rome and its environs _cV.E Bianchi. |
| 260 |
_aTorino _bDitta G.B Paravia _c1912 |
||
| 300 |
_a346 p. _bil. _c20 cm. |
||
| 500 | _aíndice alfabético. | ||
| 501 | _aH171 | ||
| 650 | 1 | 4 |
_aArte Romano _914995 |
| 650 | 1 | 4 |
_aArte cristiano _93474 |
| 650 | 1 | 4 |
_aArte _yRoma _914996 |
| 651 | 4 |
_aRoma, Italia _vDescrpción. _914997 |
|
| 700 | 1 |
_aBianchi, V. E. _ecomp. _914998 |
|
| 902 | _aGFM | ||
| 942 |
_2lcc _cB |
||
| 999 |
_c5626 _d5626 |
||